[Event "7. Arber-Open Bodenmais 2018"]
[Site "Bodenmais"]
[Date "2018.08.04"]
[Round "8.2"]
[White "Prusikin, Michael"]
[Black "Melamed, Tatjana"]
[Result "1-0"]
[WhiteElo "2516"]
[BlackElo "2386"]
[PlyCount "77"]
[EventDate "2018.??.??"]
[WhiteTeam "BCA Augsburg"]
[BlackTeam "AE Magdeburg"]

1. Nf3 Nf6 2. c4 e6 3. Nc3 Bb4 4. Qc2 O-O 5. a3 Bxc3 6. Qxc3 d6 7. b4 e5 8. Bb2
Nbd7 9. e3 Re8 10. d3 a5 11. Be2 Nb6 12. Qc2 Bd7 13. b5 Bg4 14. h3 Bf5 15. e4
Bc8 16. O-O Nbd7 17. Nh2 Nf8 18. f4 Ng6 19. f5 Nf8 20. a4 c6 21. Rfd1 N8d7 22.
Nf3 d5 23. Ba3 Nh5 24. Kh2 Ndf6 25. Bf1 g6 26. g4 Nf4 27. Qf2 g5 28. exd5 cxd5
29. Re1 Nd7 30. cxd5 f6 31. d4 e4 32. Nd2 Qc7 33. d6 Qc3 34. Qe3 Nd5 35. Bc4
Qxc4 36. Nxc4 Nxe3 37. Nxe3 Nb6 38. Bc5 Nd7 39. Nd5 1-0

[Event "7. Arber-Open Bodenmais 2018"]
[Site "Bodenmais"]
[Date "2018.08.04"]
[Round "8.3"]
[White "Sergeev, Vladimir"]
[Black "Schelle, Artur"]
[Result "1/2-1/2"]
[WhiteElo "2410"]
[BlackElo "2206"]
[PlyCount "144"]
[EventDate "2018.??.??"]
[WhiteTeam "SK Bregenz"]
[BlackTeam "SC Tarr MÃ¼nchen"]

1. c4 g6 2. d4 Bg7 3. Nc3 d6 4. e4 Nf6 5. Nf3 O-O 6. Be2 e5 7. d5 Na6 8. Bg5 h6
9. Bh4 g5 10. Bg3 Nh5 11. Nd2 Nf4 12. O-O Nxe2+ 13. Qxe2 f5 14. exf5 Bxf5 15.
Nde4 b6 16. f3 Nb8 17. b4 a5 18. a3 Nd7 19. Bf2 Nf6 20. Rac1 Qd7 21. Nxf6+ Rxf6
22. c5 axb4 23. c6 Qe8 24. axb4 Qg6 25. Ne4 Rf7 26. g4 Bxe4 27. fxe4 Rf4 28.
Rfe1 Raf8 29. Bg3 Qe8 30. Kg2 Qc8 31. h3 Qe8 32. Ra1 Qf7 33. Ra3 Qg6 34. Ra7
R8f7 35. Ra8+ Rf8 36. Rxf8+ Rxf8 37. Ra1 Bf6 38. Kf1 Bd8+ 39. Ke1 Kh7 40. Ra8
Qf6 41. Rb8 Qf7 42. Kd2 Kg8 43. Kc3 Kg7 44. Kc4 Bf6 45. Rxf8 Qxf8 46. Qf1 Qa8
47. Kb3 Be7 48. Bh2 Qb8 49. Bg1 b5 50. Be3 Bf6 51. Bd2 Qb6 52. Qd3 Qa6 53. Kb2
Qb6 54. Bc3 Qa6 55. Qf1 Qa4 56. Bd2 Qa6 57. h4 Qb6 58. Qf3 Qd4+ 59. Bc3 Qg1 60.
h5 Qh2+ 61. Kb3 Qf4 62. Qe2 Be7 63. Bd2 Qg3+ 64. Kb2 Qg1 65. Be3 Qh1 66. Ba7
Bf6 67. Ka2 Qc1 68. Be3 Qc3 69. Bd2 Qc2+ 70. Ka3 Be7 71. Qe3 Bd8 72. Bc1 Bf6
1/2-1/2

[Event "7. Arber-Open Bodenmais 2018"]
[Site "Bodenmais"]
[Date "2018.08.04"]
[Round "8.4"]
[White "Schroeder, Wilfried"]
[Black "Pap, Misa"]
[Result "0-1"]
[WhiteElo "2199"]
[BlackElo "2473"]
[PlyCount "84"]
[EventDate "2018.??.??"]
[WhiteTeam "SV Wattenscheid"]
[BlackTeam "SF Augsburg"]

1. Nf3 Nf6 2. g3 g6 3. Bg2 Bg7 4. O-O O-O 5. c4 d6 6. d4 c6 7. Nc3 Qa5 8. e4
Bg4 9. h3 Bxf3 10. Qxf3 Nfd7 11. Rd1 c5 12. e5 Nc6 13. exd6 exd6 14. dxc5 Nde5
15. Qd5 dxc5 16. Be3 b6 17. Qe4 Rae8 18. Nb5 Nd4 19. Nxd4 cxd4 20. Bxd4 Nxc4
21. Qc2 Rc8 22. Bxg7 Kxg7 23. b3 Ne5 24. Qb2 Qc3 25. Qxc3 Rxc3 26. Rd5 f6 27.
Rad1 g5 28. Be4 h5 29. Bf5 Rh8 30. Kg2 h4 31. Rd8 Rxd8 32. Rxd8 hxg3 33. fxg3
Re3 34. Rd2 Kf8 35. Rc2 a5 36. Rd2 Ke7 37. h4 gxh4 38. gxh4 Nf3 39. Rd7+ Ke8
40. Rh7 Kf8 41. Kf2 Rc3 42. h5 Ng5 0-1

[Event "7. Arber-Open Bodenmais 2018"]
[Site "Bodenmais"]
[Date "2018.08.04"]
[Round "8.5"]
[White "Lorenc, Tomas"]
[Black "Meijers, Viesturs"]
[Result "1/2-1/2"]
[WhiteElo "2208"]
[BlackElo "2458"]
[PlyCount "104"]
[EventDate "2018.??.??"]
[WhiteTeam "SC Waldsassen"]
[BlackTeam "ESV NickelhÃ¼tte Aue"]

1. c4 e6 2. g3 Nf6 3. Bg2 d5 4. Nf3 dxc4 5. O-O Nbd7 6. Qc2 Rb8 7. a4 c5 8. Na3
b6 9. Nxc4 Bb7 10. d3 Nd5 11. e4 Nb4 12. Qb3 Nf6 13. Bf4 Rc8 14. Rfd1 Be7 15.
d4 Bxe4 16. dxc5 Nbd5 17. cxb6 axb6 18. Qb5+ Qd7 19. Nfe5 Qxb5 20. axb5 Bxg2
21. Kxg2 Nxf4+ 22. gxf4 Nd5 23. Rxd5 exd5 24. Nxb6 Rb8 25. Nc6 Rxb6 26. Ra8+
Kd7 27. Rxh8 Rxb5 28. Ne5+ Ke6 29. Rxh7 Bf6 30. Nd3 Kf5 31. b4 Ke4 32. Rh3 d4
33. Kf1 Be7 34. Ke2 Bxb4 35. f3+ Kd5 36. Rh5+ Kc6 37. Ne5+ Kb6 38. Nd7+ Ka6 39.
Rg5 Bc3 40. Kd3 Rb1 41. Rxg7 Rd1+ 42. Kc2 Rf1 43. Rxf7 Rxf3 44. Ne5 Rh3 45. Ng4
Kb5 46. f5 Bb4 47. Rd7 Bc5 48. f6 Rf3 49. f7 Rf5 50. h3 Kc6 51. Rd8 Kc7 52.
f8=Q Rxf8 1/2-1/2

[Event "7. Arber-Open Bodenmais 2018"]
[Site "Bodenmais"]
[Date "2018.08.04"]
[Round "8.6"]
[White "Puschendorf, Steffen"]
[Black "Miesbauer, Jan"]
[Result "0-1"]
[WhiteElo "2153"]
[BlackElo "2282"]
[PlyCount "72"]
[EventDate "2018.??.??"]
[WhiteTeam "ESV Gera"]
[BlackTeam "SC Bayerwald"]

1. d4 Nf6 2. c4 d6 3. Nc3 Nbd7 4. e4 e5 5. Nf3 g6 6. d5 Bg7 7. h3 Nc5 8. Qc2 a5
9. Be2 Nh5 10. g3 O-O 11. Be3 f5 12. Nd2 f4 13. Bxc5 dxc5 14. g4 f3 15. Nxf3
Nf4 16. O-O-O Qf6 17. Ne1 Qh4 18. Nd3 b6 19. Kb1 Bd7 20. Rdg1 Nxd3 21. Qxd3
Qxf2 22. Rf1 Qh4 23. d6 c6 24. Na4 Rab8 25. Rxf8+ Bxf8 26. Rf1 Be6 27. Rd1 Qd8
28. a3 Kf7 29. Kc2 Ke8 30. Kb1 Rb7 31. b4 axb4 32. axb4 cxb4 33. c5 Qa8 34. Qa6
Ra7 35. Nxb6 Rxa6 36. Bxa6 Qxa6 0-1

[Event "7. Arber-Open Bodenmais 2018"]
[Site "Bodenmais"]
[Date "2018.08.04"]
[Round "8.7"]
[White "Tong, Kevin"]
[Black "Witte, Ronald"]
[Result "0-1"]
[WhiteElo "2180"]
[BlackElo "2031"]
[PlyCount "100"]
[EventDate "2018.??.??"]
[WhiteTeam "SC Erlangen"]
[BlackTeam "BSV 63 Chemie WeiÃŸensee"]

1. e4 c5 2. Nf3 d6 3. d4 cxd4 4. Nxd4 Nf6 5. Nc3 a6 6. h3 e5 7. Nde2 Be6 8. g4
h6 9. Bg2 b5 10. O-O Nbd7 11. Ng3 Rc8 12. a4 b4 13. Nd5 Bxd5 14. exd5 a5 15.
Be3 g6 16. Qd2 Bg7 17. Rac1 Nc5 18. b3 h5 19. g5 Nfd7 20. h4 O-O 21. Bh3 Rc7
22. Qe2 f5 23. gxf6 Bxf6 24. Kh1 Qe8 25. Bh6 Bg7 26. Bg5 Nf6 27. Rcd1 Kh7 28.
Rg1 Bh6 29. Rd2 Rg7 30. Qc4 Bxg5 31. hxg5 Nfd7 32. Qf1 h4 33. Be6 Nxe6 34. dxe6
Qxe6 35. Ne2 Rgf7 36. Nc1 e4 37. Qg2 Rf3 38. Rgd1 Ne5 39. Rxd6 Rh3+ 40. Kg1 Qf5
41. R6d5 Rc3 42. Ne2 h3 43. Qf1 Qg4+ 44. Kh2 Nf3+ 45. Kh1 Rxc2 46. Rd7+ Kg8 47.
Ng3 Nxg5 48. R1d6 Nf3 49. Qd1 Qxg3 50. Qd5+ Kh8 0-1

[Event "7. Arber-Open Bodenmais 2018"]
[Site "Bodenmais"]
[Date "2018.08.04"]
[Round "8.8"]
[White "Hein, Ralf"]
[Black "Hoffmann, Sebastian"]
[Result "1/2-1/2"]
[WhiteElo "2048"]
[BlackElo "2174"]
[PlyCount "107"]
[EventDate "2018.??.??"]
[WhiteTeam "SC Diogenes"]
[BlackTeam "SC NT NÃ¼rnberg"]

1. d4 d5 2. Nf3 Nf6 3. Bf4 c5 4. e3 Nc6 5. c3 Qb6 6. Qb3 c4 7. Qxb6 axb6 8.
Nbd2 b5 9. b4 cxb3 10. Nxb3 Ne4 11. Bxb5 Nxc3 12. Bxc6+ bxc6 13. Rc1 e6 14. Nc5
Bxc5 15. dxc5 Rxa2 16. Nd4 Ne4 17. O-O g5 18. Bc7 Kd7 19. Bb6 Bb7 20. f3 Nd2
21. Rf2 Rha8 22. Rd1 Nc4 23. e4 Rxf2 24. Kxf2 Ra2+ 25. Kg3 Nxb6 26. Rb1 Ba6 27.
Rxb6 Bf1 28. Kg4 Rxg2+ 29. Kh5 f6 30. Kh6 e5 31. Nxc6 Rxh2+ 32. Kg7 dxe4 33.
Nb4 exf3 34. Rd6+ Kc8 35. Rxf6 Bc4 36. Rxf3 Rb2 37. Nc6 e4 38. Re3 Kc7 39. Ne5
Bd5 40. Kxh7 Rb3 41. Re1 Rg3 42. Kh6 e3 43. Nd3 Bc4 44. Ne5 Be6 45. Kg6 Bd7 46.
Nxd7 Kxd7 47. Kf5 Kc6 48. Ke4 Rg4+ 49. Kxe3 Kxc5 50. Rd1 Rf4 51. Rd8 Rf6 52.
Rg8 Rf5 53. Ke4 Rf1 54. Rxg5+ 1/2-1/2

[Event "7. Arber-Open Bodenmais 2018"]
[Site "Bodenmais"]
[Date "2018.08.04"]
[Round "8.9"]
[White "Kolb, Wolfgang"]
[Black "Pitica, Silviu Valentin"]
[Result "1/2-1/2"]
[WhiteElo "2047"]
[BlackElo "2149"]
[PlyCount "49"]
[EventDate "2018.??.??"]
[WhiteTeam "SK KÃ¶nigsbrunn"]
[BlackTeam "ITALIEN"]
[BlackTeamCountry "ITA"]

1. c4 d6 2. g3 e5 3. Nc3 f5 4. Bg2 Nf6 5. d3 Be7 6. e4 O-O 7. exf5 Nc6 8. Nge2
Bxf5 9. O-O Qe8 10. Be3 Qh5 11. f3 Qg6 12. Ne4 Rad8 13. Qb3 Na5 14. Qa4 b6 15.
Rad1 d5 16. cxd5 Nxd5 17. Bf2 Bd7 18. Qc2 c5 19. N2c3 Nb4 20. Qb1 Bf5 21. Be3
Nbc6 22. Ne2 h6 23. Qc2 Nb4 24. Qb1 Nbc6 25. Qc2 1/2-1/2

[Event "7. Arber-Open Bodenmais 2018"]
[Site "Bodenmais"]
[Date "2018.08.04"]
[Round "8.10"]
[White "Gschwendtner, Stanislav"]
[Black "Eizenhammer, Peter"]
[Result "1/2-1/2"]
[WhiteElo "2032"]
[BlackElo "2148"]
[PlyCount "97"]
[EventDate "2018.??.??"]
[WhiteTeam "SC Bayerwald"]
[BlackTeam "SC Vilshofen"]

1. c4 Nf6 2. Nc3 g6 3. e4 d6 4. d4 Bg7 5. h3 O-O 6. Nf3 a5 7. g4 Na6 8. Be3 e5
9. d5 c6 10. Nd2 Ne8 11. Rg1 Bf6 12. Be2 Bg5 13. Nf1 Bxe3 14. Nxe3 Nc5 15. g5
a4 16. h4 Qa5 17. Qd2 Nc7 18. Ng4 Bxg4 19. Rxg4 cxd5 20. Nxd5 Nxd5 21. Qxa5
Rxa5 22. exd5 f5 23. gxf6 Rxf6 24. h5 Kg7 25. Rb1 Rf4 26. hxg6 hxg6 27. b4 axb3
28. axb3 Nd3+ 29. Kd2 Nxf2 30. Rxf4 exf4 31. b4 Ra2+ 32. Ke1 Ne4 33. Bd3 Nd2
34. Rd1 Nf3+ 35. Kf1 Nh2+ 36. Ke1 f3 37. Rd2 Rxd2 38. Kxd2 f2 39. c5 dxc5 40.
bxc5 Kf6 41. c6 bxc6 42. dxc6 Ke7 43. Ke3 f1=Q 44. Bxf1 Nxf1+ 45. Kf4 Nd2 46.
c7 Kd7 47. c8=Q+ Kxc8 48. Kg5 Kc7 49. Kxg6 1/2-1/2

[Event "7. Arber-Open Bodenmais 2018"]
[Site "Bodenmais"]
[Date "2018.08.04"]
[Round "8.11"]
[White "Beulertz, Stefan"]
[Black "Meertens, Martin"]
[Result "1/2-1/2"]
[WhiteElo "1983"]
[BlackElo "2146"]
[PlyCount "93"]
[EventDate "2018.??.??"]
[WhiteTeam "SC Werl 1981"]
[BlackTeam "Klub KÃ¶lner SF"]

1. e4 c5 2. Nf3 e6 3. g3 d6 4. Bg2 Nf6 5. Qe2 Be7 6. O-O Nc6 7. c3 O-O 8. Rd1
e5 9. h3 Qc7 10. Na3 a6 11. d4 b5 12. Nc2 Bb7 13. d5 Nb8 14. a4 Nbd7 15. Nh4 c4
16. Be3 Nc5 17. Bxc5 Qxc5 18. Nf5 Bd8 19. axb5 axb5 20. Rxa8 Bxa8 21. g4 g6 22.
Ng3 Bb7 23. Qd2 Kg7 24. Ne3 Ng8 25. Ra1 h6 26. Bf3 Kh7 27. Ng2 Be7 28. h4 Ra8
29. Rxa8 Bxa8 30. Bd1 Bb7 31. Kh2 Bc8 32. g5 Qb6 33. f4 exf4 34. Qxf4 Kg7 35.
e5 Qc7 36. e6 fxe6 37. dxe6 Bxe6 38. Qe4 Qd7 39. h5 Bf5 40. Qd4+ Kh7 41. Nxf5
Qxf5 42. Nh4 Qe5+ 43. Qxe5 dxe5 44. hxg6+ Kg7 45. Nf5+ Kxg6 46. Nxh6 Nxh6 47.
gxh6 1/2-1/2

[Event "7. Arber-Open Bodenmais 2018"]
[Site "Bodenmais"]
[Date "2018.08.04"]
[Round "8.12"]
[White "Kottmair, Toni"]
[Black "Wacker, Felix"]
[Result "0-1"]
[WhiteElo "2126"]
[BlackElo "1956"]
[PlyCount "124"]
[EventDate "2018.??.??"]
[WhiteTeam "SK KÃ¶nigsbrunn"]
[BlackTeam "SC Lambsheim"]

1. Nf3 c5 2. g3 Nc6 3. Bg2 e5 4. d3 d5 5. O-O Be7 6. c4 Nf6 7. cxd5 Nxd5 8. Nc3
Be6 9. Nxd5 Bxd5 10. Qa4 O-O 11. Be3 f6 12. Rfc1 b6 13. Nd2 Bxg2 14. Kxg2 Qd5+
15. f3 Kh8 16. Qe4 Qd7 17. Qa4 Qb7 18. g4 Nb4 19. Ne4 g6 20. Bd2 Nd5 21. Nc3
Nb4 22. a3 Nc6 23. Be3 f5 24. gxf5 gxf5 25. Kh1 Nd4 26. Qc4 Rad8 27. Bxd4 exd4
28. Na2 Rd6 29. Rg1 Rh6 30. Rg2 Qb8 31. Qc1 Rff6 32. e4 dxe3 33. Qxe3 Bd6 34.
Re1 Rfg6 35. Qe8+ Qxe8 36. Rxe8+ Kg7 37. Rxg6+ hxg6 38. Re2 Rh3 39. Rf2 Be5 40.
Nc3 Bd4 41. Kg2 Rxh2+ 42. Kxh2 Bxf2 43. Nb5 Bd4 44. Nxa7 Bxb2 45. a4 Be5+ 46.
Kg2 Kf6 47. Kf2 Ke6 48. Ke3 g5 49. Nc8 Bc7 50. Ke2 Kd7 51. Na7 Be5 52. Kd2 g4
53. fxg4 fxg4 54. Ke3 g3 55. Kf3 Ke6 56. Nb5 Kd5 57. Kg2 Bb8 58. Kf3 c4 59. d4
Bd6 60. Ke3 Bb4 61. Nc7+ Kc6 62. Ne6 c3 0-1

[Event "7. Arber-Open Bodenmais 2018"]
[Site "Bodenmais"]
[Date "2018.08.04"]
[Round "8.13"]
[White "Wuest, Hans-Heiner"]
[Black "Hohlfeld, Wolfgang"]
[Result "1/2-1/2"]
[WhiteElo "2026"]
[BlackElo "2062"]
[PlyCount "56"]
[EventDate "2018.??.??"]
[WhiteTeam "SV Walldorf"]
[BlackTeam "SC Diogenes Hamburg"]

1. Nf3 d5 2. g3 Nf6 3. Bg2 g6 4. c4 dxc4 5. Qa4+ Nbd7 6. Qxc4 Bg7 7. Nc3 O-O 8.
d4 Nb6 9. Qd3 Nbd5 10. O-O Nxc3 11. bxc3 Bf5 12. Qb5 Be4 13. Ba3 Re8 14. Rac1
Rb8 15. Rfd1 c6 16. Qb3 Qb6 17. Qa4 Qc7 18. c4 Nd7 19. e3 Rbd8 20. Ng5 Bxg2 21.
Kxg2 b6 22. Ne4 Nf6 23. Nc3 Qb7 24. f3 Rd7 25. Qc2 Red8 26. Bb2 e6 27. a4 c5
28. Ne2 Ng4 1/2-1/2

[Event "7. Arber-Open Bodenmais 2018"]
[Site "Bodenmais"]
[Date "2018.08.04"]
[Round "8.14"]
[White "Wudi, Tobias"]
[Black "Ilic, Andreas"]
[Result "1/2-1/2"]
[WhiteElo "1491"]
[BlackElo "1893"]
[PlyCount "81"]
[EventDate "2018.??.??"]
[WhiteTeam "SC Bayerwald"]
[BlackTeam "DBSB"]

1. e4 Nf6 2. Nc3 d5 3. exd5 Nxd5 4. d4 Nxc3 5. bxc3 g6 6. Nf3 Bg7 7. Bc4 c5 8.
O-O Nc6 9. Bb2 O-O 10. h3 Na5 11. Be2 Be6 12. Re1 Rc8 13. Qd2 Bc4 14. Qe3 cxd4
15. cxd4 Bxe2 16. Qxe2 Nc4 17. c3 Qa5 18. Qc2 e5 19. Qb3 Rfd8 20. Rab1 Bf6 21.
Ba1 exd4 22. cxd4 Na3 23. Rbc1 Nb5 24. Rxc8 Rxc8 25. Rd1 Nc3 26. Bxc3 Rxc3 27.
Qxb7 Qxa2 28. d5 a5 29. d6 Qe2 30. Ra1 Rc2 31. Rf1 a4 32. Qa8+ Kg7 33. Qxa4 Ra2
34. Qd1 Qb2 35. d7 Qb8 36. Re1 Ra1 37. Qxa1 Bxa1 38. Re8 Qb1+ 39. Kh2 Bf6 40.
d8=Q Bxd8 41. Rxd8 1/2-1/2

[Event "7. Arber-Open Bodenmais 2018"]
[Site "Bodenmais"]
[Date "2018.08.04"]
[Round "8.15"]
[White "Bensch, Patrick"]
[Black "Uneken, Bert"]
[Result "1-0"]
[WhiteElo "2197"]
[BlackElo "1804"]
[PlyCount "31"]
[EventDate "2018.??.??"]
[WhiteTeam "SC Rottal-Inn"]
[BlackTeam "Niederlande"]
[BlackTeamCountry "NED"]

1. e4 g6 2. d4 Bg7 3. Nc3 d6 4. f4 Nf6 5. Nf3 Bg4 6. h3 Bxf3 7. Qxf3 Nfd7 8.
Be3 c5 9. d5 Qa5 10. Bd2 O-O 11. Bd3 a6 12. Qe2 Qb6 13. Na4 Qc7 14. c4 Nb6 15.
Ba5 N8d7 16. O-O 1-0

[Event "7. Arber-Open Bodenmais 2018"]
[Site "Bodenmais"]
[Date "2018.08.04"]
[Round "8.16"]
[White "Steinbach, Peter"]
[Black "Jergler, Karl-Heinz"]
[Result "0-1"]
[WhiteElo "2000"]
[BlackElo "2152"]
[PlyCount "28"]
[EventDate "2018.??.??"]
[WhiteTeam "SV Crailsheim"]
[BlackTeam "SC Rottal-Inn"]

1. Nf3 Nf6 2. c4 g6 3. b4 Bg7 4. Bb2 O-O 5. g3 b6 6. Bg2 Bb7 7. Qc2 c5 8. a3
Nc6 9. bxc5 bxc5 10. O-O Rb8 11. Nc3 Nd4 12. Nxd4 Bxg2 13. Kxg2 cxd4 14. Nb5
Qc8 0-1

[Event "7. Arber-Open Bodenmais 2018"]
[Site "Bodenmais"]
[Date "2018.08.04"]
[Round "8.17"]
[White "Schmahl, Stephan"]
[Black "Wolff, Peter"]
[Result "1-0"]
[WhiteElo "2148"]
[BlackElo "1894"]
[PlyCount "111"]
[EventDate "2018.??.??"]
[WhiteTeam "SC Bavaria Regensburg von 1881"]
[BlackTeam "VSG Offenbach"]

1. d4 d5 2. Nf3 Nf6 3. c4 c6 4. e3 e6 5. Bd3 Nbd7 6. O-O Bd6 7. Nc3 O-O 8. e4
dxe4 9. Nxe4 Nxe4 10. Bxe4 h6 11. b3 Nf6 12. Bc2 Qe7 13. Qd3 Rd8 14. Re1 Qc7
15. Bb2 c5 16. d5 Qe7 17. Ne5 Kf8 18. h3 h5 19. Re3 Bxe5 20. Rxe5 Qd6 21. Rae1
exd5 22. cxd5 Bd7 23. Qg3 Bb5 24. Bf5 a5 25. R1e3 a4 26. Qg5 Re8 27. f4 axb3
28. axb3 c4 29. Rg3 Qc5+ 30. Kh2 Rxe5 31. fxe5 Ne8 32. d6 Ra2 33. Bh7 f6 34.
exf6 Qxg5 35. Rxg5 Rxb2 36. fxg7+ Nxg7 37. Rxb5 Rxb3 38. Rd5 Ke8 39. Bc2 Rb4
40. d7+ Kd8 41. Kg3 b5 42. Kf4 Rb2 43. Be4 c3 44. g4 hxg4 45. hxg4 b4 46. Ke3
Ne6 47. Bf5 Re2+ 48. Kxe2 Nf4+ 49. Kd1 Nxd5 50. Be6 Ne3+ 51. Kc1 Ke7 52. g5 b3
53. g6 b2+ 54. Kb1 Nf1 55. Bf5 Nd2+ 56. Ka2 1-0

[Event "7. Arber-Open Bodenmais 2018"]
[Site "Bodenmais"]
[Date "2018.08.04"]
[Round "8.18"]
[White "Schleich, Theodor"]
[Black "Zepke, Armin"]
[Result "1-0"]
[WhiteElo "1961"]
[BlackElo "2130"]
[PlyCount "97"]
[EventDate "2018.??.??"]
[WhiteTeam "MÃ¼nchener SC"]
[BlackTeam "SC Bayerwald"]

1. d4 Nf6 2. Bg5 Ne4 3. Bf4 d5 4. e3 c6 5. Bd3 Nd7 6. Bxe4 dxe4 7. c4 e5 8.
Bxe5 Nxe5 9. dxe5 Qa5+ 10. Nc3 Qxe5 11. Qd4 Qxd4 12. exd4 f5 13. f3 Be6 14. d5
Bf7 15. O-O-O O-O-O 16. fxe4 fxe4 17. Nge2 Bc5 18. Rhf1 Rhf8 19. Nf4 Rfe8 20.
Rde1 e3 21. Nd3 Bxd5 22. cxd5 Bd4 23. Nf4 Bxc3 24. bxc3 cxd5 25. Ne2 b5 26. Kc2
Rf8 27. Rf3 Kb7 28. Nd4 Kb6 29. Ne6 Rxf3 30. gxf3 Rc8 31. Rxe3 b4 32. Kb3 bxc3
33. Rxc3 Re8 34. Nd4 Re1 35. Rc6+ Kb7 36. Re6 Rd1 37. Kc3 Rc1+ 38. Kb3 Rd1 39.
Kc3 Rc1+ 40. Kd3 Rd1+ 41. Ke3 Rh1 42. Re7+ Kb6 43. Rxg7 Rxh2 44. f4 Rxa2 45. f5
Kc5 46. f6 Ra3+ 47. Kf4 Kxd4 48. f7 Ra1 49. Rg3 1-0

[Event "7. Arber-Open Bodenmais 2018"]
[Site "Bodenmais"]
[Date "2018.08.04"]
[Round "8.19"]
[White "Kugelmann, Werner"]
[Black "Strahl, Christian"]
[Result "1-0"]
[WhiteElo "2119"]
[BlackElo "1861"]
[PlyCount "59"]
[EventDate "2018.??.??"]
[WhiteTeam "TSV Wertingen"]
[BlackTeam "1.FC Marktleuthen"]

1. e4 c6 2. d4 d5 3. e5 Bf5 4. Nc3 e6 5. g4 Bg6 6. Nge2 h5 7. Nf4 Ne7 8. Be3
hxg4 9. Nxg6 Nxg6 10. Qxg4 c5 11. Bd3 Nh4 12. O-O-O c4 13. Bg5 Be7 14. Bxe7
Kxe7 15. Bxc4 dxc4 16. d5 Qf8 17. dxe6 fxe6 18. Qg5+ Kf7 19. Rhg1 Nf5 20. Ne4
Nc6 21. Rd7+ Ke8 22. Rgd1 Rh6 23. f4 Qb4 24. Rxg7 Nxg7 25. Qxh6 Qf8 26. Nf6+
Kf7 27. Rd7+ Ne7 28. Nh7 Qh8 29. Ng5+ Kg8 30. Qxh8+ 1-0

[Event "7. Arber-Open Bodenmais 2018"]
[Site "Bodenmais"]
[Date "2018.08.04"]
[Round "8.20"]
[White "Schultes, Christoph"]
[Black "Fauth, Dietmar"]
[Result "1/2-1/2"]
[WhiteElo "1976"]
[BlackElo "2112"]
[PlyCount "147"]
[EventDate "2018.??.??"]
[WhiteTeam "SK Landau-Dingolfing"]
[BlackTeam "MÃ¼nchener SC"]

1. d4 Nf6 2. c4 e6 3. g3 d5 4. Nf3 Be7 5. Bg2 O-O 6. O-O dxc4 7. Qc2 a6 8. Qxc4
b5 9. Qc2 Bb7 10. Bd2 Be4 11. Qc1 c6 12. a4 b4 13. Be3 Nbd7 14. Nbd2 Bd5 15.
Nc4 Rc8 16. Nce5 c5 17. dxc5 Nxc5 18. Bxc5 Rxc5 19. Qe3 Qa5 20. Nd3 Rc7 21. Nd4
Bxg2 22. Kxg2 Qd5+ 23. Nf3 Rfc8 24. Rfc1 h6 25. Rxc7 Rxc7 26. Rc1 Rxc1 27. Qxc1
g5 28. h3 Kg7 29. Nde5 Bd6 30. Qc4 Ne4 31. Qxd5 exd5 32. Nd3 Nc5 33. Nxc5 Bxc5
34. Ne5 Bd6 35. Nd3 f5 36. e3 Kf6 37. Kf3 Ke6 38. b3 Kf6 39. Nc1 Bc5 40. Nd3
Bd6 41. Nc1 h5 42. Nd3 Ke6 43. Ke2 Kf6 44. f4 gxf4 45. Nxf4 Bxf4 46. exf4 Ke6
47. Kd3 Kd6 48. Kd4 a5 49. h4 Kc6 50. Ke5 Kc5 51. Kxf5 Kd4 52. Ke6 Ke4 53. f5
d4 54. f6 d3 55. f7 d2 56. f8=Q d1=Q 57. Qf5+ Ke3 58. Qe5+ Kd3 59. Qd5+ Kc2 60.
Qxa5 Kxb3 61. Qb5 Qg4+ 62. Ke7 Qxg3 63. Qxh5 Kxa4 64. Qe8+ Ka3 65. Qa8+ Kb2 66.
Qh1 Qg7+ 67. Ke6 Qh6+ 68. Ke5 Qh5+ 69. Kd4 b3 70. Qg2+ Ka3 71. Qa8+ Kb4 72.
Qb7+ Ka3 73. Qa8+ Kb4 74. Qb7+ 1/2-1/2

[Event "7. Arber-Open Bodenmais 2018"]
[Site "Bodenmais"]
[Date "2018.08.04"]
[Round "8.21"]
[White "Medunova, Vera"]
[Black "Malditz, Dieter"]
[Result "1/2-1/2"]
[WhiteElo "2101"]
[BlackElo "1878"]
[PlyCount "87"]
[EventDate "2018.??.??"]
[WhiteTeam "SK Rothenburg"]
[BlackTeam "SK Ludwigshafen"]

1. e4 c6 2. d4 d5 3. e5 Bf5 4. Nc3 h5 5. Be3 e6 6. a3 a5 7. f4 Nd7 8. Nf3 Nh6
9. h3 Be7 10. Bf2 b5 11. Be2 Rb8 12. O-O O-O 13. Qd2 Nb6 14. Nd1 Nc4 15. Qc1 b4
16. Nd2 Nxd2 17. Qxd2 h4 18. axb4 axb4 19. Ne3 Qb6 20. Ra6 Qc7 21. Rfa1 Rb7 22.
c4 bxc3 23. Qxc3 Qb8 24. Nd1 Rb3 25. Qc1 Rc8 26. Rxc6 Rxc6 27. Qxc6 Qb4 28.
Ra8+ Kh7 29. Qc1 Be4 30. Ra3 Rxb2 31. Qxb2 Qxb2 32. Nxb2 Bxa3 33. Nd1 Nf5 34.
Bg4 Be7 35. Nc3 Bd3 36. Be2 Bxe2 37. Nxe2 Kg6 38. Be1 Kh5 39. Kf2 g5 40. Kf3
Nh6 41. g4+ hxg3 42. Nxg3+ Kg6 43. Ne2 Nf5 44. Bf2 1/2-1/2

[Event "7. Arber-Open Bodenmais 2018"]
[Site "Bodenmais"]
[Date "2018.08.04"]
[Round "8.22"]
[White "Rier, Guenter"]
[Black "Schwenkreis, Thomas"]
[Result "1-0"]
[WhiteElo "1930"]
[BlackElo "2087"]
[PlyCount "153"]
[EventDate "2018.??.??"]
[WhiteTeam "SV MÃ¶dling"]
[BlackTeam "SV Oberursel"]

1. Nf3 Nf6 2. g3 g6 3. b3 Bg7 4. Bb2 O-O 5. Bg2 d6 6. d4 c6 7. O-O Nbd7 8. c4
Qc7 9. Nbd2 e5 10. dxe5 dxe5 11. e4 Re8 12. Qc2 a5 13. Rfd1 Nc5 14. a3 Nfd7 15.
b4 Ne6 16. c5 b6 17. cxb6 Nxb6 18. Rac1 axb4 19. axb4 Bb7 20. Nc4 Nxc4 21. Qxc4
Rec8 22. Ra1 Rxa1 23. Bxa1 Ra8 24. Bc3 Ba6 25. Qb3 c5 26. bxc5 Nxc5 27. Qd5 Bb7
28. Bxe5 Qc8 29. Qd4 Ne6 30. Qb2 Bf8 31. Nd4 Qd7 32. Rd2 Ba3 33. Qc3 Qe7 34.
Nc2 Bc5 35. Bf6 Qf8 36. e5 Bxg2 37. Kxg2 Rc8 38. Qf3 Bb6 39. Qb7 Rb8 40. Qf3
Qe8 41. h4 h6 42. Rd6 Bc5 43. Rd2 Rb2 44. Qd5 Bf8 45. Ne3 Rb5 46. Qf3 Rb3 47.
Qd5 Qa4 48. Kh2 Rb5 49. Ra2 Qb4 50. Qg2 Qe1 51. Qf1 Qb4 52. Qg2 Ra5 53. Rxa5
Qxa5 54. Qd5 Qc3 55. h5 g5 56. Nf5 Qc2 57. Qf3 Qc7 58. Qd5 Qa7 59. Kg2 Kh7 60.
Nd6 Qc7 61. Nb5 Qc8 62. Nd4 Kg8 63. Nxe6 fxe6 64. Qe4 Qe8 65. Qg6+ Qxg6 66.
hxg6 Ba3 67. g4 Bc1 68. Kf3 Ba3 69. Ke4 Bc1 70. Kd3 Ba3 71. f3 Kf8 72. Kc4 Bb2
73. Kc5 Ba3+ 74. Kc6 Ke8 75. Bg7 Ke7 76. Bxh6 Bc1 77. Bg7 1-0

[Event "7. Arber-Open Bodenmais 2018"]
[Site "Bodenmais"]
[Date "2018.08.04"]
[Round "8.24"]
[White "Grabmeier, Johannes"]
[Black "Villani, Cristian"]
[Result "0-1"]
[WhiteElo "1906"]
[BlackElo "2010"]
[PlyCount "82"]
[EventDate "2018.??.??"]
[WhiteTeam "SV Deggendorf"]
[BlackTeam "SK Durlach"]

1. b3 Nf6 2. Bb2 g6 3. Bxf6 exf6 4. c4 Nc6 5. Nc3 Ne7 6. d4 d5 7. c5 Bg7 8. e3
O-O 9. Nf3 Bg4 10. Be2 h6 11. O-O Bxf3 12. Bxf3 f5 13. g3 Kh8 14. b4 c6 15. Rb1
Qd7 16. Kh1 g5 17. Ne2 Ng6 18. Bh5 Qe6 19. Qd3 a6 20. a4 Ne7 21. Bf3 Ng8 22.
Bg2 Nf6 23. Rb3 Rfe8 24. Rfb1 Ng4 25. Kg1 h5 26. Bf3 Bh6 27. h3 Nf6 28. Kh2 Ne4
29. Bxe4 fxe4 30. Qc2 f5 31. b5 axb5 32. axb5 f4 33. bxc6 bxc6 34. Rb7 fxe3 35.
f3 Rf8 36. Ng1 g4 37. f4 h4 38. Ne2 hxg3+ 39. Nxg3 Bxf4 40. Qg2 Qh6 41. Rc7
Bxc7 0-1

[Event "7. Arber-Open Bodenmais 2018"]
[Site "Bodenmais"]
[Date "2018.08.04"]
[Round "8.25"]
[White "Mittermaier, Johann"]
[Black "Huber, Florian"]
[Result "1/2-1/2"]
[WhiteElo "1696"]
[BlackElo "2007"]
[PlyCount "69"]
[EventDate "2018.??.??"]
[WhiteTeam "SV Deggendorf"]
[BlackTeam "SK Landau-Dingolfing"]

1. e4 e5 2. Nf3 Nc6 3. Bc4 Bc5 4. c3 Nf6 5. d3 O-O 6. O-O d5 7. exd5 Nxd5 8.
Re1 Bg4 9. Nbd2 Nb6 10. h3 Bh5 11. b4 Bd6 12. Bb5 a5 13. Bxc6 bxc6 14. Qb3 Re8
15. Bb2 Nd5 16. bxa5 Rxa5 17. c4 Nf4 18. Qc3 Bxf3 19. Nxf3 Qa8 20. d4 Ba3 21.
Nxe5 Bxb2 22. Qxb2 Rexe5 23. Rxe5 c5 24. d5 Nd3 25. Qe2 Nxe5 26. Qxe5 Qd8 27.
a4 Kf8 28. Qc3 Qa8 29. Qc2 g6 30. h4 f6 31. h5 Kf7 32. h6 Qe8 33. Qc3 Rxa4 34.
Re1 Rxc4 35. Qxf6+ 1/2-1/2